[Event "22.Deutsche Senioreneinzelmeisterschaft"]
[Site "Berlin-Spandau"]
[Date "2010.08.18"]
[Round "3.94"]
[White "Bernhoeft, Erhard"]
[Black "Roggenbach, Ottomar"]
[Result "1-0"]
[WhiteElo "1825"]
[BlackElo "1617"]
[PlyCount "55"]
[EventDate "2010.08.??"]
[EventType "swiss"]
[EventRounds "9"]
[EventCountry "GER"]

1. g3 e5 2. c4 Nc6 3. Bg2 Nf6 4. Nc3 d6 5. d3 Be7 6. Rb1 Bd7 7. b4 Rb8 8. e3 a6
9. a4 b6 10. Nge2 Qc8 11. O-O Nd8 12. f4 exf4 13. Nxf4 O-O 14. Bb2 Re8 15. Qd2
Ne6 16. Nfd5 Bd8 17. Nxf6+ Bxf6 18. Rxf6 gxf6 19. Ne4 Ng7 20. Nxf6+ Kh8 21.
Nxe8 Qxe8 22. b5 a5 23. Rf1 f5 24. e4 Qg6 25. Qf4 Kg8 26. exf5 Nxf5 27. Bd5+
Kf8 28. Be4 1-0

[Event "22.Deutsche Senioreneinzelmeisterschaft"]
[Site "Berlin-Spandau"]
[Date "2010.08.18"]
[Round "3.95"]
[White "Scheide, Helmut"]
[Black "Hesselbarth, Karlheinz"]
[Result "1/2-1/2"]
[WhiteElo "1824"]
[BlackElo "1606"]
[PlyCount "61"]
[EventDate "2010.08.??"]
[EventType "swiss"]
[EventRounds "9"]
[EventCountry "GER"]
[WhiteTeam "USV Potsdam e.V., Abt. Schach"]
[BlackTeam "SC Zugzwang 95 e.V."]

1. d4 Nf6 2. c4 e6 3. Nc3 d5 4. e3 c6 5. Nf3 Nbd7 6. Bd3 dxc4 7. Bxc4 b5 8. Bd3
a6 9. e4 Bb7 10. O-O c5 11. d5 e5 12. Bg5 Be7 13. Re1 O-O 14. Bc2 Re8 15. Qd2
Rc8 16. h3 Qb6 17. Rad1 Bd6 18. Nh4 c4 19. Nf5 Bf8 20. Re3 Kh8 21. Rg3 Nh5 22.
Rg4 Nhf6 23. Rh4 Nc5 24. d6 Nfd7 25. Qe2 g6 26. Nh6 Bxh6 27. Rxh6 Ne6 28. Be7
Nd4 29. Qg4 Rxe7 30. dxe7 Nf6 31. Qg5 {=} 1/2-1/2

[Event "22.Deutsche Senioreneinzelmeisterschaft"]
[Site "Berlin-Spandau"]
[Date "2010.08.18"]
[Round "3.96"]
[White "Tuertmann, Dieter"]
[Black "Schwichtenberg, Juergen"]
[Result "1/2-1/2"]
[WhiteElo "1822"]
[BlackElo "1584"]
[PlyCount "112"]
[EventDate "2010.08.??"]
[EventType "swiss"]
[EventRounds "9"]
[EventCountry "GER"]
[WhiteTeam "ESV 1949 Eberswalde e.V."]
[BlackTeam "SV 1920 Hofheim"]

1. Nf3 d5 2. b3 Nf6 3. Bb2 e6 4. e3 Be7 5. Be2 O-O 6. O-O c5 7. d3 Nbd7 8. Nbd2
b6 9. c4 Bb7 10. Qc2 Qc7 11. Rfd1 Rfd8 12. Nf1 Ne8 13. cxd5 Bxd5 14. e4 Bb7 15.
Rac1 Rac8 16. Qd2 Qb8 17. Qe3 e5 18. g4 h6 19. Ng3 Rc6 20. h3 f6 21. Rb1 Bf8 {=
} 22. Nh4 g5 23. Nh5 Kh7 24. Kg2 Ng7 25. Nxg7 Bxg7 26. Qf3 Nf8 27. Kh2 Ng6 28.
Nf5 Qc7 29. Bc1 Bc8 30. Qg3 Bxf5 31. gxf5 Nf4 32. Bxf4 exf4 33. Qf3 Rcd6 34.
Kh1 Qf7 35. Rbc1 Rd4 36. Rc3 a5 37. Rdc1 Bf8 38. Rg1 Bg7 39. Rc4 Bf8 40. a4 Bg7
41. Rgc1 Bf8 42. R1c3 R8d7 43. Qg2 Be7 44. Qf1 Bd8 45. Rxd4 Rxd4 46. Rc4 Qd7
47. f3 Bc7 48. Qd1 Be5 49. Qc2 Qf7 50. Rxd4 Bxd4 51. Qc4 Qxc4 52. dxc4 h5 53.
Kg2 h4 54. Kf1 Kg7 55. Ke1 Kf7 56. Kd2 Ke7 1/2-1/2

[Event "22.Deutsche Senioreneinzelmeisterschaft"]
[Site "Berlin-Spandau"]
[Date "2010.08.18"]
[Round "3.97"]
[White "Minte, Horst"]
[Black "Josting, Friedel"]
[Result "1/2-1/2"]
[WhiteElo "1613"]
[BlackElo "1818"]
[PlyCount "66"]
[EventDate "2010.08.??"]
[EventType "swiss"]
[EventRounds "9"]
[EventCountry "GER"]
[WhiteTeam "SK Lister Turm"]
[BlackTeam "SG Buende 1945"]

1. e4 c5 2. c3 e6 3. d4 d5 4. exd5 Qxd5 5. Nf3 Nf6 6. Na3 a6 7. Nc4 Qd8 8. Bg5
Nc6 9. Be2 b5 10. Nce5 Bb7 11. O-O h6 12. Bh4 cxd4 13. cxd4 Be7 14. a4 b4 15.
Qd2 O-O 16. Bxf6 Bxf6 17. Nxc6 Bxc6 18. Qxb4 Rb8 19. Qc3 Bxf3 20. Qxf3 Rxb2 21.
Bxa6 Bxd4 22. Rad1 Qb6 23. Be2 e5 24. Qe4 Rd8 25. Rb1 Bxf2+ 26. Kh1 Rxb1 27.
Rxb1 Qd4 28. Qxd4 exd4 29. Bd3 Re8 30. a5 Kf8 31. a6 Ra8 32. Rb7 Be3 33. a7 Bf4
1/2-1/2

[Event "22.Deutsche Senioreneinzelmeisterschaft"]
[Site "Berlin-Spandau"]
[Date "2010.08.18"]
[Round "3.98"]
[White "Krusemark, Gerhard"]
[Black "Krafzik, Joachim"]
[Result "1/2-1/2"]
[WhiteElo "1611"]
[BlackElo "1811"]
[PlyCount "101"]
[EventDate "2010.08.??"]
[EventType "swiss"]
[EventRounds "9"]
[EventCountry "GER"]
[WhiteTeam "TSG Rot-Weiß Fredersdorf/Vogelsd"]
[BlackTeam "SC Haar 1931"]

1. e4 e6 2. d4 d5 3. Nd2 Nf6 4. e5 Nfd7 5. Bd3 c5 6. c3 Qb6 7. Ne2 cxd4 8. cxd4
Nc6 9. Nf3 Bb4+ 10. Bd2 Bxd2+ 11. Qxd2 Qb4 12. Rc1 Qxd2+ 13. Nxd2 O-O 14. O-O
f5 15. f4 a6 16. a3 Kh8 17. Rc3 Rb8 18. b3 Nb6 19. Nf3 Bd7 20. Rfc1 Rfe8 21.
Rc5 Nc8 22. b4 N8e7 23. Ne1 Na7 24. g3 Bc6 25. R5c3 Rbc8 26. Kf2 Kg8 27. Nf3 h6
28. Nd2 Bb5 29. Rxc8 Rxc8 30. Rxc8+ Nexc8 31. Bxb5 axb5 32. Nc3 Nb6 33. Nb3 Nc4
34. Nc5 Kf7 35. Nxb7 Nxa3 36. Nd6+ Ke7 37. Ke2 Nc2 38. Ncxb5 Nxb5 39. Nxb5 Nxb4
{=} 40. h3 Nc6 41. Ke3 Na5 42. Nd6 Nc6 43. g4 g6 44. Nb5 Nd8 45. gxf5 gxf5 46.
Nd6 Nc6 47. Nb5 Nb4 48. Nd6 Nc6 49. Kd3 Kf8 50. Ke3 Ne7 51. Kf3 1/2-1/2

[Event "22.Deutsche Senioreneinzelmeisterschaft"]
[Site "Berlin-Spandau"]
[Date "2010.08.18"]
[Round "3.99"]
[White "Scholz, Werner"]
[Black "Neudel, Bernd"]
[Result "0-1"]
[WhiteElo "1478"]
[BlackElo "1807"]
[PlyCount "88"]
[EventDate "2010.08.??"]
[EventType "swiss"]
[EventRounds "9"]
[EventCountry "GER"]
[WhiteTeam "ESV 1949 Eberswalde e.V."]
[BlackTeam "SC 1961 Koenig Nied"]

1. d4 d5 2. Nf3 Nf6 3. e3 e6 4. Bd3 c5 5. c3 a6 6. Nbd2 Nc6 7. O-O Be7 8. dxc5
Bxc5 9. Qe2 O-O 10. e4 dxe4 11. Nxe4 Be7 12. Rd1 Qc7 13. Nxf6+ Bxf6 14. Qe4 g6
15. Bh6 Bg7 16. Bxg7 Kxg7 17. Ng5 h6 18. Nf3 e5 19. Nh4 f5 20. Qe3 e4 21. Bc2
g5 22. Nxf5+ Bxf5 23. Bxe4 Rae8 24. f3 Re7 25. Re1 Bxe4 26. fxe4 Rfe8 27. Qf3
Rf8 28. Qd3 Qb6+ 29. Kh1 Qxb2 30. h3 Qb6 31. Rf1 Ref7 32. Rab1 Qc7 33. Rxf7+
Rxf7 34. Rf1 Rxf1+ 35. Qxf1 Qf7 36. Kg1 Qxf1+ 37. Kxf1 Kf7 38. Kf2 Kf6 39. Ke3
Nd8 40. g3 Ne6 41. Kf3 b5 42. a3 Nc5 43. Ke3 Nxe4 44. c4 Nxg3 0-1

[Event "22.Deutsche Senioreneinzelmeisterschaft"]
[Site "Berlin-Spandau"]
[Date "2010.08.18"]
[Round "3.100"]
[White "Maetzing, Hans-Dieter"]
[Black "Hoose, Hannelore"]
[Result "1-0"]
[WhiteElo "1805"]
[BlackElo "1576"]
[PlyCount "145"]
[EventDate "2010.08.??"]
[EventType "swiss"]
[EventRounds "9"]
[EventCountry "GER"]
[WhiteTeam "SG Narva Berlin e.V."]
[BlackTeam "SC Vahr"]

1. Nc3 d5 2. e4 d4 3. Nce2 e5 4. Ng3 c5 5. Nf3 Nc6 6. Bc4 Be7 7. O-O Nf6 8. d3
O-O 9. a4 Qc7 10. h3 Nd8 11. Nh2 Be6 12. Bxe6 Nxe6 13. Ng4 Nd7 14. Nf5 Bg5 15.
Bxg5 Nxg5 16. Qd2 Ne6 17. Ne7+ Kh8 18. Nd5 Qd8 19. f4 exf4 20. Nxf4 Qg5 21. Qf2
Nxf4 22. Qxf4 Qxf4 23. Rxf4 f6 24. Raf1 Rfe8 25. Rf5 b6 26. Kh2 Re7 27. Kg3
Rae8 28. Rd5 Ne5 29. h4 Nxg4 30. Kxg4 Kg8 31. a5 Kf7 32. axb6 axb6 33. Ra1 Rc7
34. Ra6 Re6 35. b3 g6 36. Rd8 Kg7 37. Rb8 f5+ 38. exf5 gxf5+ 39. Kxf5 Rf6+ 40.
Kg4 Rcc6 41. Rb7+ Kg8 42. Ra8+ Rf8 43. Rxf8+ Kxf8 44. Rxh7 Re6 45. Rb7 Re2 46.
Kf3 Rxc2 47. Rxb6 Rd2 48. Ke4 Rxg2 49. Kd5 Rc2 50. Rc6 Rc3 51. Rxc5 Rxd3 52. b4
Rh3 53. Kxd4 Rxh4+ 54. Kc3 Ke7 55. Rd5 Ke6 56. Rd3 Rh8 57. b5 Rc8+ 58. Kb4 Rc1
59. b6 Rb1+ 60. Kc5 Rc1+ 61. Kb5 Rb1+ 62. Kc6 Rc1+ 63. Kb7 Rc2 64. Kb8 Rb2 65.
b7 Ra2 66. Rd8 Ke7 67. Rd4 Ra1 68. Kc7 Rc1+ 69. Kb6 Rb1+ 70. Kc6 Rc1+ 71. Kb5
Rb1+ 72. Rb4 Rxb4+ 73. Kxb4 1-0

[Event "22.Deutsche Senioreneinzelmeisterschaft"]
[Site "Berlin-Spandau"]
[Date "2010.08.18"]
[Round "3.101"]
[White "Sailer, Hans-Peter"]
[Black "Hermann, Armin"]
[Result "1-0"]
[WhiteElo "1798"]
[BlackElo "1477"]
[PlyCount "83"]
[EventDate "2010.08.??"]
[EventType "swiss"]
[EventRounds "9"]
[EventCountry "GER"]
[WhiteTeam "SV Bergneustadt/Dersch"]
[BlackTeam "Ahrensburger TSV"]

1. e4 e5 2. Nf3 Nc6 3. Bb5 a6 4. Ba4 Nf6 5. O-O b5 6. Bb3 Be7 7. Re1 d6 8. c3
Na5 9. Bc2 c5 10. d4 cxd4 11. cxd4 Qc7 12. Bg5 Bg4 13. Nbd2 Rc8 14. Rc1 O-O 15.
Nf1 Qa7 16. d5 Rc7 17. Ng3 Rfc8 18. Bd3 Rxc1 19. Bxc1 Qc7 20. Bg5 h6 21. Be3
Nc4 22. Bc1 Qc5 23. Qe2 Bd8 24. b3 Na5 25. Be3 Bxf3 26. Qxf3 Qc7 27. Nf5 Kh8
28. Rc1 Qxc1+ 29. Bxc1 Rxc1+ 30. Bf1 Bb6 31. g3 Rc2 32. Be2 Rxa2 33. Nxd6 Nxb3
34. Nxf7+ Kh7 35. Qf5+ Kg8 36. Nxh6+ gxh6 37. Qg6+ Kh8 38. Qxf6+ Kh7 39. Qxb6
Nd4 40. Bh5 Ra1+ 41. Kg2 a5 42. Qg6+ 1-0

[Event "22.Deutsche Senioreneinzelmeisterschaft"]
[Site "Berlin-Spandau"]
[Date "2010.08.18"]
[Round "3.102"]
[White "Neumeister, Herbert"]
[Black "Moeller, Dirk"]
[Result "0-1"]
[WhiteElo "1795"]
[BlackElo "1436"]
[PlyCount "86"]
[EventDate "2010.08.??"]
[EventType "swiss"]
[EventRounds "9"]
[EventCountry "GER"]
[WhiteTeam "Schachvereinigung Dueren 13 Deric"]
[BlackTeam "SC Kreuzberg e.V."]

1. d4 Nf6 2. c4 e6 3. Nc3 b6 4. e4 d6 5. Bd3 Be7 6. Nf3 Bb7 7. O-O O-O 8. h3
Nbd7 9. Be3 c5 10. d5 e5 11. Nh2 Bc8 12. f4 Kh8 13. Nf3 Rg8 14. fxe5 Nxe5 15.
Nxe5 dxe5 16. Be2 g5 17. g4 a6 18. Rf2 Qd6 19. Qd2 h6 20. Raf1 Rg7 21. a3 Bd7
22. Rb1 Rag8 23. b4 h5 24. Rh2 hxg4 25. hxg4+ Nh7 26. bxc5 bxc5 27. Qb2 Rg6 28.
a4 Rh6 29. Rxh6 Qxh6 30. Kg2 Qg6 31. a5 Bd8 32. Qa3 Nf6 33. Bf3 Bxg4 34. Bxg4
Nxg4 35. Bxc5 Kg7 36. Rh1 Nf6 37. Re1 Rh8 38. Bf2 Qh5 39. Bg3 Qh3+ 40. Kf3 Rh4
41. Ne2 Rxe4 42. Kf2 Ng4+ 43. Kg1 Ne3 0-1

[Event "22.Deutsche Senioreneinzelmeisterschaft"]
[Site "Berlin-Spandau"]
[Date "2010.08.18"]
[Round "3.103"]
[White "Prinz, Tade"]
[Black "Zimmermann, Manfred"]
[Result "0-1"]
[WhiteElo "1467"]
[BlackElo "1793"]
[PlyCount "70"]
[EventDate "2010.08.??"]
[EventType "swiss"]
[EventRounds "9"]
[EventCountry "GER"]

1. d4 d5 2. Nf3 Nf6 3. Bf4 e6 4. e3 Be7 5. Nbd2 b6 6. Bd3 O-O 7. h4 c5 8. c3
Nc6 9. Ne5 Bb7 10. Ndf3 cxd4 11. exd4 Nxe5 12. Nxe5 Ne4 13. Qe2 f6 14. Ng4 Bd6
15. Bh2 Qc7 16. Bxd6 Qxd6 17. Rh3 Rae8 18. Bxe4 dxe4 19. Rg3 Qf4 20. Qe3 Qc7
21. O-O-O Kh8 22. h5 f5 23. Ne5 f4 24. Qe2 fxg3 25. fxg3 Rf6 26. Qg4 Kg8 27.
Qh3 Ref8 28. Ng4 Rf1 29. Ne3 Rxd1+ 30. Kxd1 Qf7 31. Kc1 Bd5 32. b3 Qf2 33. Nxd5
exd5 34. Qe6+ Kh8 35. Kb1 Qxg2 0-1

[Event "22.Deutsche Senioreneinzelmeisterschaft"]
[Site "Berlin-Spandau"]
[Date "2010.08.18"]
[Round "3.104"]
[White "Toth, Hans-Juergen"]
[Black "Didzuhn, Werner"]
[Result "1/2-1/2"]
[WhiteElo "1451"]
[BlackElo "1788"]
[PlyCount "63"]
[EventDate "2010.08.??"]
[EventType "swiss"]
[EventRounds "9"]
[EventCountry "GER"]
[WhiteTeam "SF Zehdenick 76 e.V."]
[BlackTeam "Landessenioren-SV Bran"]

1. f4 d5 2. Nf3 Bg4 3. e3 Nf6 4. b3 Bxf3 5. Qxf3 Nbd7 6. Bb2 c6 7. c4 e6 8. d4
Bb4+ 9. Nd2 Ne4 10. Bc1 Qa5 11. Qd1 Bc3 12. Rb1 Qxa2 13. Bd3 Ndf6 14. Bc2 Qa5
15. Ke2 O-O 16. Nf3 b5 17. c5 Qc7 18. Ne5 a5 19. Nf3 a4 20. bxa4 bxa4 21. Bxa4
Qa5 22. Bc2 Rfb8 23. Rxb8+ Rxb8 24. Qd3 Ng4 25. Rf1 f6 26. h3 Nh6 27. Rd1 Nf5
28. Kf1 Nfg3+ 29. Kg1 g6 30. Bd2 Bxd2 31. Nxd2 Rb2 32. Nxe4 1/2-1/2

[Event "22.Deutsche Senioreneinzelmeisterschaft"]
[Site "Berlin-Spandau"]
[Date "2010.08.18"]
[Round "3.105"]
[White "Habedank, Detlef"]
[Black "Lukas, Wilmar"]
[Result "1-0"]
[WhiteElo "1788"]
[BlackElo "1776"]
[PlyCount "77"]
[EventDate "2010.08.??"]
[EventType "swiss"]
[EventRounds "9"]
[EventCountry "GER"]
[WhiteTeam "Spandauer SV e.V."]
[BlackTeam "SG Lasker Steglitz-Wilmersdorf"]

1. Nf3 Nf6 2. b3 g6 3. Bb2 Bg7 4. e3 d5 5. Be2 c5 6. d3 Nc6 7. Nbd2 Qc7 8. c4
dxc4 9. bxc4 O-O 10. a3 e5 11. Qc2 Re8 12. O-O b6 13. Ne4 Nxe4 14. dxe4 Bg4 15.
h3 Bxf3 16. Bxf3 Rad8 17. Rad1 Ne7 18. Qa4 Kf8 19. Bg4 f5 20. exf5 Nxf5 21.
Bxf5 gxf5 22. f3 Kg8 23. Qc2 Qf7 24. e4 Rxd1 25. Rxd1 f4 26. Rd5 Bf6 27. Bc3
Qc7 28. Qd1 Qf7 29. Qa4 Re7 30. Qc6 Kg7 31. Qd6 Re6 32. Qd7 Re7 33. Qg4+ Qg6
34. Rd7 Rxd7 35. Qxd7+ Qf7 36. Qd5 Qc7 37. Be1 Qf7 38. g4 fxg3 39. Bxg3 {Zue}
1-0

[Event "22.Deutsche Senioreneinzelmeisterschaft"]
[Site "Berlin-Spandau"]
[Date "2010.08.18"]
[Round "3.106"]
[White "Ott, Lothar"]
[Black "Weissenborn, Michael"]
[Result "0-1"]
[WhiteElo "1327"]
[BlackElo "1782"]
[PlyCount "88"]
[EventDate "2010.08.??"]
[EventType "swiss"]
[EventRounds "9"]
[EventCountry "GER"]

1. d4 Nf6 2. Nf3 e6 3. c4 d5 4. e3 Be7 5. Nc3 O-O 6. Be2 Nbd7 7. O-O Re8 8. a3
c5 9. cxd5 exd5 10. dxc5 Nxc5 11. b4 Nce4 12. Bb2 Nxc3 13. Bxc3 Ne4 14. Bb2 Be6
15. Nd4 Bf6 16. Rc1 a6 17. Nxe6 Rxe6 18. Bxf6 Nxf6 19. Bf3 Rd6 20. Qd4 Rc8 21.
Rc5 Rdc6 22. Rfc1 h6 23. g3 Rxc5 24. Rxc5 b6 25. Rxc8 Qxc8 26. Qxb6 Qc1+ 27.
Kg2 Qxa3 28. Qa5 Qc3 29. Qb6 Qc4 30. Qd4 Qb5 31. Qc5 Qxc5 32. bxc5 Kf8 33. Bd1
Ke7 34. Ba4 Ne4 35. c6 Kd6 36. c7 Kxc7 37. f3 Nc5 38. Be8 f6 39. Kf2 Kd6 40.
Ke2 Nb7 41. Kd2 Kc5 42. Kc3 Nd6 43. Bg6 Nc4 44. Bd3 a5 {
und noch etwa 15 nicht rekonstruierbare Zuege.} 0-1

[Event "22.Deutsche Senioreneinzelmeisterschaft"]
[Site "Berlin-Spandau"]
[Date "2010.08.18"]
[Round "3.107"]
[White "Kraft, Gerhard"]
[Black "Grunewald, Peter"]
[Result "1-0"]
[WhiteElo "1652"]
[BlackElo "1778"]
[PlyCount "73"]
[EventDate "2010.08.??"]
[EventType "swiss"]
[EventRounds "9"]
[EventCountry "GER"]
[WhiteTeam "SchVgg Blankenese von 1923 e.V."]
[BlackTeam "Schwarz-Weiß Neukoelln e.V."]

1. e4 c5 2. c3 d5 3. exd5 Qxd5 4. d4 e6 5. Nf3 Nf6 6. Be2 Nc6 7. O-O cxd4 8.
cxd4 Be7 9. Nc3 Qd8 10. Bf4 a6 11. Rc1 O-O 12. a3 Bd6 13. Ne5 Bxe5 14. Bxe5 Bd7
15. Bf3 Rc8 16. Bd6 Re8 17. b4 b5 18. Re1 Kh8 19. Qd2 Rg8 20. d5 Nb8 21. Bc5
Bc6 22. Rcd1 Nxd5 23. Nxd5 Bxd5 24. Bxd5 exd5 25. Qxd5 Qxd5 26. Rxd5 Rge8 27.
Red1 Kg8 28. g3 f6 29. f4 Kf7 30. Kf2 Rc6 31. Rd8 Rc8 32. R8d6 Re6 33. f5 Re5
34. g4 g6 35. fxg6+ Kxg6 36. Rb6 Ree8 37. Rdd6 1-0

[Event "22.Deutsche Senioreneinzelmeisterschaft"]
[Site "Berlin-Spandau"]
[Date "2010.08.18"]
[Round "3.108"]
[White "Vasiljev, Jurij"]
[Black "Grimm, Willi"]
[Result "1-0"]
[WhiteElo "2063"]
[BlackElo "1629"]
[PlyCount "45"]
[EventDate "2010.08.??"]
[EventType "swiss"]
[EventRounds "9"]
[EventCountry "GER"]

1. d4 Nf6 2. c4 e6 3. Nc3 d5 4. Nf3 Nbd7 5. e3 c5 6. Bd3 dxc4 7. Bxc4 Be7 8.
O-O O-O 9. Qe2 b6 10. Rd1 Bb7 11. e4 cxd4 12. Nxd4 Qc7 13. Bg5 Ne5 14. Bb3 Ba6
15. Ncb5 Qb7 16. a4 Rac8 17. f4 Ned7 18. e5 Nd5 19. Bxd5 Qxd5 20. Bxe7 Rfe8 21.
Bh4 Rc4 22. Nf5 Qc6 23. Ne7+ 1-0

[Event "22.Deutsche Senioreneinzelmeisterschaft"]
[Site "Berlin-Spandau"]
[Date "2010.08.18"]
[Round "3.109"]
[White "Jacob, Barbara"]
[Black "Weyrauch, Erich"]
[Result "0-1"]
[WhiteElo "1605"]
[BlackElo "2037"]
[PlyCount "76"]
[EventDate "2010.08.??"]
[EventType "swiss"]
[EventRounds "9"]
[EventCountry "GER"]
[WhiteTeam "SK Ochtrup 61 e.V."]
[BlackTeam "SV Letmathe 1933 e.V."]

1. e4 e5 2. Bc4 Nf6 3. d4 Nc6 4. Nf3 d6 5. dxe5 dxe5 6. Qxd8+ Nxd8 7. Nc3 Bd6
8. Bg5 O-O 9. Bxf6 gxf6 10. O-O-O a6 11. Nd5 Kg7 12. Nh4 b5 13. Be2 Rb8 14.
Nf5+ Bxf5 15. exf5 Nc6 16. Kb1 Nd4 17. Bg4 c6 18. Nc3 b4 19. Ne4 Be7 20. Rd3 c5
21. Nd2 a5 22. Re1 a4 23. Rg3 Kh8 24. Ree3 Rg8 25. Bh3 Nb5 26. Nc4 a3 27. b3
Rgd8 28. Kc1 Bf8 29. Rd3 Bh6+ 30. Ne3 Rxd3 31. cxd3 Nc3 32. Kc2 Bxe3 33. Rxe3
Nxa2 34. Kb1 Nc3+ 35. Ka1 Rd8 36. g4 Nd1 37. Rf3 Rd4 38. Bf1 Rxg4 0-1

[Event "22.Deutsche Senioreneinzelmeisterschaft"]
[Site "Berlin-Spandau"]
[Date "2010.08.18"]
[Round "3.110"]
[White "Felser, Franz"]
[Black "Sube, Guenter"]
[Result "1-0"]
[WhiteElo "1926"]
[BlackElo "1624"]
[PlyCount "87"]
[EventDate "2010.08.??"]
[EventType "swiss"]
[EventRounds "9"]
[EventCountry "GER"]
[WhiteTeam "VSF Flintbek"]
[BlackTeam "SV Bau-Union e.V."]

1. e4 e6 2. d4 d5 3. Nc3 Nf6 4. e5 Nfd7 5. f4 c5 6. Nf3 Nc6 7. Bb5 a6 8. Bxc6
bxc6 9. Be3 Bb7 10. O-O cxd4 11. Bxd4 c5 12. Bf2 Bc6 13. Re1 Be7 14. Qd2 Rb8
15. Rab1 Qa5 16. a3 O-O 17. Nxd5 Qd8 18. Nxe7+ Qxe7 19. Qe2 Bb5 20. c4 Bc6 21.
Bh4 Qe8 22. b4 Qc8 23. Nd2 cxb4 24. axb4 Re8 25. Bf2 Qb7 26. Ne4 Bxe4 27. Qxe4
Qxe4 28. Rxe4 f5 29. Ree1 Nb6 30. Rec1 Red8 31. Bc5 Rd3 32. Ra1 Nd7 33. Bd6 Rb6
34. c5 Rc6 35. b5 axb5 36. Ra7 Nb6 37. Ra6 Rcxd6 38. cxd6 Nc4 39. Ra7 Rd2 40.
d7 Kf8 41. Rb7 Ke7 42. Rxb5 Ne3 43. Rb3 Nc2 44. Rb2 1-0

[Event "22.Deutsche Senioreneinzelmeisterschaft"]
[Site "Berlin-Spandau"]
[Date "2010.08.18"]
[Round "3.111"]
[White "Zanger, Konrad"]
[Black "Liszka, Guenter"]
[Result "0-1"]
[WhiteElo "1591"]
[BlackElo "1803"]
[PlyCount "113"]
[EventDate "2010.08.??"]
[EventType "swiss"]
[EventRounds "9"]
[EventCountry "GER"]
[WhiteTeam "BSW Lokomotive Dresden"]
[BlackTeam "Sportfreunde Katernberg 1913 e.V"]

1. Nf3 d5 2. d4 Nf6 3. e3 Nbd7 4. Bd3 e6 5. O-O c5 6. b3 Qc7 7. Nbd2 Bd6 8. g3
O-O 9. Bb2 a6 10. c4 b6 11. e4 cxd4 12. Rc1 dxe4 13. Nxe4 e5 14. Re1 Bb7 15.
Rc2 Nxe4 16. Bxe4 Bxe4 17. Rxe4 f5 18. Re1 Nf6 19. a3 Rae8 20. Nd2 d3 21. Rc1
e4 22. Bxf6 Rxf6 23. b4 Rg6 24. Nf1 Be5 25. c5 bxc5 26. Rxc5 Rc6 27. Qa4 Ree6
28. Rec1 Rxc5 29. Rxc5 Qd6 30. Ne3 Bd4 31. Rd5 Qb6 32. Nd1 Bf6 33. Rxf5 g6 34.
Rc5 Kg7 35. Qd7+ Re7 36. Qd5 Qe6 37. Ne3 Qxd5 38. Rxd5 Bc3 39. Nd1 Bf6 40. Kf1
Rc7 41. Kg2 Rc8 42. Ne3 Rc3 43. a4 Ra3 44. Rd7+ Kg8 45. Rd6 Bc3 46. Rxa6 Bxb4
47. Re6 d2 48. Rxe4 Rxa4 49. Rd4 Ra3 50. Nf1 Bc3 51. Rd8+ Kg7 52. Rd5 Ra5 53.
Rxd2 Bxd2 54. Nxd2 Ra2 55. Nf1 Kf6 56. Ne3 h5 57. h4 {
und etwa 20 weitere nicht reproduzierbare Zuege.} 0-1

[Event "22.Deutsche Senioreneinzelmeisterschaft"]
[Site "Berlin-Spandau"]
[Date "2010.08.18"]
[Round "3.112"]
[White "Kienel, Norbert"]
[Black "Smits, Oswald"]
[Result "0-1"]
[WhiteElo "1596"]
[BlackElo "1797"]
[PlyCount "98"]
[EventDate "2010.08.??"]
[EventType "swiss"]
[EventRounds "9"]
[EventCountry "GER"]
[WhiteTeam "SV Osnabrueck"]
[BlackTeam "Sfr. Taunus Koenigstein/Schwalbac"]

1. d4 Nf6 2. c4 e6 3. Nc3 Bb4 4. Nf3 O-O 5. e3 c5 6. Bd3 d5 7. O-O cxd4 8. exd4
dxc4 9. Bxc4 Qc7 10. Ne5 a6 11. Qb3 Bd6 12. Nf3 b5 13. Be2 Bb7 14. h3 b4 15.
Na4 Bd5 16. Qd1 Nbd7 17. Be3 Qb7 18. b3 Ne4 19. Rc1 Rfc8 20. Qd3 Bc6 21. Nb2
Nc3 22. Nc4 Nxe2+ 23. Qxe2 Bxf3 24. gxf3 Qb5 25. Qd2 Be7 26. Kh2 Qd5 27. Qe2
Qh5 28. Rg1 Bd8 29. Bf4 Bf6 30. Qe3 Qd5 31. Rcd1 a5 32. Bg5 a4 33. Bxf6 Nxf6
34. Rg5 Qd8 35. Rdg1 g6 36. Qe5 Nd7 37. Qe3 axb3 38. axb3 Ra2 39. h4 Nf8 40. h5
f6 41. Rb5 Qe7 42. d5 Qd7 43. Qd4 Qxb5 44. Nd6 Qb8 45. dxe6 Nxe6 46. Qd5 Re2
47. Kh1 Rc5 48. Qd3 Rxh5+ 49. Kg2 Nf4+ 0-1

[Event "22.Deutsche Senioreneinzelmeisterschaft"]
[Site "Berlin-Spandau"]
[Date "2010.08.18"]
[Round "3.113"]
[White "Hellwege, Werner"]
[Black "Reichel, Rolf"]
[Result "1-0"]
[WhiteElo "1773"]
[BlackElo "1622"]
[PlyCount "41"]
[EventDate "2010.08.??"]
[EventType "swiss"]
[EventRounds "9"]
[EventCountry "GER"]
[WhiteTeam "SK Lister Turm"]
[BlackTeam "SAbt Niederraeder TG"]

1. d4 d5 2. c4 c6 3. Nf3 Bg4 4. Ne5 Bh5 5. cxd5 cxd5 6. Qb3 Qb6 7. Qxd5 Nf6 8.
Qc4 e6 9. Qc8+ Qd8 10. Qxb7 Qxd4 11. Nc6 Qd7 12. Qxa8 Bb4+ 13. Nxb4 O-O 14. Be3
Qa4 15. Qb7 a5 16. Nd3 Nd5 17. Bd2 Nb4 18. Bxb4 axb4 19. Qxb4 Qa7 20. Nc3 Nc6
21. Qc5 1-0

[Event "22.Deutsche Senioreneinzelmeisterschaft"]
[Site "Berlin-Spandau"]
[Date "2010.08.18"]
[Round "3.114"]
[White "Mertens, Gottfried"]
[Black "Schneider, Siegfried"]
[Result "1-0"]
[WhiteElo "1762"]
[BlackElo "1611"]
[PlyCount "77"]
[EventDate "2010.08.??"]
[EventType "swiss"]
[EventRounds "9"]
[EventCountry "GER"]
[WhiteTeam "SK Weinheim 1911 e.V."]
[BlackTeam "Muldental Wilkau-Haßlau"]

1. f4 d6 2. Nf3 Nc6 3. e4 Nf6 4. Nc3 Bd7 5. d4 e6 6. a3 a6 7. Bd3 g6 8. O-O Bg7
9. f5 e5 10. dxe5 dxe5 11. Bg5 h6 12. Bxf6 Bxf6 13. Nd5 Bg7 14. fxg6 fxg6 15.
Bc4 Rf8 16. Nh4 Qxh4 17. Nxc7+ Kd8 18. Rxf8+ Bxf8 19. Nxa8 Qe7 20. b4 Nd4 21.
Nb6 Qg5 22. Nxd7 Kxd7 23. Qd3 Kc8 24. c3 Nc6 25. Bd5 Na7 26. Rf1 Be7 27. Qc4+
Kb8 28. Qd3 Nb5 29. a4 Nc7 30. Kh1 Ne8 31. a5 Nd6 32. c4 h5 33. b5 axb5 34.
cxb5 Ka7 35. b6+ Kb8 36. a6 Bd8 37. Rb1 Qe7 38. axb7 Nxb7 39. Qa6 1-0

[Event "22.Deutsche Senioreneinzelmeisterschaft"]
[Site "Berlin-Spandau"]
[Date "2010.08.18"]
[Round "3.116"]
[White "Rieck, Helmut"]
[Black "Klein, Alfred"]
[Result "1-0"]
[WhiteElo "1731"]
[BlackElo "1446"]
[PlyCount "53"]
[EventDate "2010.08.??"]
[EventType "swiss"]
[EventRounds "9"]
[EventCountry "GER"]
[WhiteTeam "SV Rot-Weiß Neuenhagen"]
[BlackTeam "TSV 1876 Bad Kissingen"]

1. e4 d5 2. exd5 Qxd5 3. Nc3 Qa5 4. d4 c6 5. Nf3 Nf6 6. Bd2 Qd8 7. Bc4 e6 8.
O-O Be7 9. a4 O-O 10. Re1 b6 11. Ne5 Qxd4 12. Qe2 Qd8 13. Rad1 Qe8 14. Qf3 Bb7
15. Qh3 Nd5 16. Bd3 Nf6 17. Ne4 Nxe4 18. Bxe4 f5 19. Bd3 Bf6 20. Nc4 Qd7 21.
Bb4 c5 22. Bxf5 Qc6 23. Qxh7+ Kf7 24. Qg6+ Ke7 25. Nd6 e5 26. Nxb7 Qxb7 27.
Rxe5+ 1-0

[Event "22.Deutsche Senioreneinzelmeisterschaft"]
[Site "Berlin-Spandau"]
[Date "2010.08.18"]
[Round "3.117"]
[White "Mietner, Franz"]
[Black "Borkenhagen, Bernd"]
[Result "1-0"]
[WhiteElo "1700"]
[BlackElo "1494"]
[PlyCount "49"]
[EventDate "2010.08.??"]
[EventType "swiss"]
[EventRounds "9"]
[EventCountry "GER"]

1. e4 e5 2. Nf3 d6 3. d4 exd4 4. Nxd4 Be7 5. Bd3 Nf6 6. O-O O-O 7. Nc3 c6 8. a4
a5 9. h3 Qc7 10. Be3 b6 11. Re1 Ba6 12. Nf5 Bxd3 13. Qxd3 Re8 14. Rad1 Nbd7 15.
Nxe7+ Rxe7 16. Qxd6 Qxd6 17. Rxd6 Re6 18. Red1 Rxd6 19. Rxd6 Rb8 20. Bf4 Nh5
21. Bh2 Rb7 22. e5 g6 23. Ne4 h6 24. g4 Ng7 25. Rxd7 1-0